<?xml version="1.0" encoding="UTF-8"?>
<marc:record xmlns:marc="http://www.loc.gov/MARC21/slim">
   <marc:leader>00000nam a2200000 a 4500</marc:leader>
   <marc:datafield ind1="0" ind2="0" tag="245">
      <marc:subfield code="a">Alles gebacken!</marc:subfield>
   </marc:datafield>
   <marc:datafield ind1="0" ind2="0" tag="245">
      <marc:subfield code="b">Geschichten vom kleinen Raben</marc:subfield>
   </marc:datafield>
   <marc:datafield ind1=" " ind2="1" tag="264">
      <marc:subfield code="a">Esslingen</marc:subfield>
      <marc:subfield code="b">J.F. Schreiber</marc:subfield>
      <marc:subfield code="c">2009</marc:subfield>
   </marc:datafield>
   <marc:datafield ind1="1" ind2=" " tag="490">
      <marc:subfield code="a">¬Der¬ kleine Rabe Socke</marc:subfield>
   </marc:datafield>
   <marc:datafield ind1=" " ind2=" " tag="250">
      <marc:subfield code="a">8.</marc:subfield>
   </marc:datafield>
   <marc:datafield ind1="1" ind2=" " tag="520">
      <marc:subfield code="a">Alles Weihnachten &#x96; eine funkelschöne Pappebuchgeschichte vom kleinen Raben Socke rund um Weihnachten! Bald ist Weihnachten und der kleine Rabe muss noch seinen Wunschzettel an den Weihnachtsmann fertig schreiben. Aber dann hat er auf einmal ganz viel zu tun und vergisst darüber ganz einfach, den Brief abzuschicken. Dabei hat er sich doch so viele Sachen gewünscht ... Ob der Weihnachtsmann trotzdem an ihn denkt?</marc:subfield>
   </marc:datafield>
   <marc:datafield ind1=" " ind2=" " tag="020">
      <marc:subfield code="a">9783480201921</marc:subfield>
      <marc:subfield code="9">9783480201921</marc:subfield>
   </marc:datafield>
   <marc:datafield ind1=" " ind2=" " tag="020">
      <marc:subfield code="a">348020192X</marc:subfield>
      <marc:subfield code="9">348020192X</marc:subfield>
   </marc:datafield>
   <marc:datafield ind1=" " ind2=" " tag="300">
      <marc:subfield code="a">[6 Bl.: ill.]</marc:subfield>
   </marc:datafield>
</marc:record>
